Petőfi életrajza. (Record no. 14166)

MARC details
000 -LEADER
fixed length control field 00639cam a22002051 4500
001 - CONTROL NUMBER
control field ca 10000921
003 - CONTROL NUMBER IDENTIFIER
control field DLC
005 - DATE AND TIME OF LATEST TRANSACTION
control field 20260227111052.0
008 - FIXED-LENGTH DATA ELEMENTS--GENERAL INFORMATION
fixed length control field 870929s1896 hu c 000 0bhun
010 ## - LIBRARY OF CONGRESS CONTROL NUMBER
LC control number ca 10000921
035 ## - SYSTEM CONTROL NUMBER
System control number (OCoLC)16770872
040 ## - CATALOGING SOURCE
Original cataloging agency DLC
Transcribing agency OrPS
Modifying agency DLC
042 ## - AUTHENTICATION CODE
Authentication code premarc
050 00 - LIBRARY OF CONGRESS CALL NUMBER
Classification number DB933.3.P4
Item number F3
100 1# - MAIN ENTRY--PERSONAL NAME
Personal name Ferenczi, Zoltán,
Dates associated with a name 1857-1927.
245 10 - TITLE STATEMENT
Title Petőfi életrajza.
Statement of responsibility, etc. Irta Ferenczi Zoltán... A Kasselikalapitványból, kiadja a kisfaludy-társaság.
260 ## - PUBLICATION, DISTRIBUTION, ETC.
Place of publication, distribution, etc. Budapest,
Name of publisher, distributor, etc. Franklin-társulat,
Date of publication, distribution, etc. 1896.
300 ## - PHYSICAL DESCRIPTION
Extent 3 v.
Other physical details fronts. (ports.)
Dimensions 18 cm.
600 10 - SUBJECT ADDED ENTRY--PERSONAL NAME
Personal name Petőfi, Sándor,
Dates associated with a name 1823-1849.

No items available.

Powered by Koha